No hay buen fin por mal camino (Record no. 172984)

MARC details
000 -LEADER
campo de control de longitud fija 00755nam a2200169 i 4500
001 - NÚMERO DE CONTROL
campo de control 172984
003 - IDENTIFICADOR DE NÚMERO DE CONTROL
campo de control ES-MaACL
005 - FECHA Y HORA DE LA ÚLTIMA TRANSACCIÓN
campo de control 20230906215110.0
008 - DATOS DE LONGITUD FIJA--INFORMACIÓN GENERAL
campo de control de longitud fija 091001s1874 sp |||| | spa d
080 ## - NÚMERO DE LA CLASIFICACIÓN DECIMAL UNIVERSAL
Número de la Clasificación Decimal Universal 821.134.2-23"18"
100 0# - ENTRADA PRINCIPAL--NOMBRE DE PERSONA
Nombre de persona Catalina, Mariano.
9 (RLIN) 37037
245 10 - MENCIÓN DEL TÍTULO
Título No hay buen fin por mal camino
Resto del título : drama en tres actos y en verso /
Mención de responsabilidad, etc. original de Mariano Catalina.
260 ## - PUBLICACIÓN, DISTRIBUCIÓN, ETC.
Lugar de publicación, distribución, etc. Madrid :
Nombre del editor, distribuidor, etc. [s.n.],
Fecha de publicación, distribución, etc. 1874 (
Fabricante Impr. de Ricardo P. Infante)
300 ## - DESCRIPCIÓN FÍSICA
Extensión 83 p. ;
Dimensiones 18 cm.
500 ## - NOTA GENERAL
Nota general En port.: Representóse con éxito en el teatro de Apolo, la noche del 6 de mayo de 1874.
852 ## - LOCALIZACIÓN
Ubicación ES-MaACL
Número de control de estantería F-8601(2)
Nota libre Enc. en un vol. faciticio formando parte de la col. facticia "Teatro Español moderno", vol. 54
-- .- Firma deGustavo Sáenz Diez, 1877
Holdings
Estatus retirado Estado de pérdida Estado de daño No para préstamo Colección Biblioteca de origen Biblioteca actual Ubicación en estantería Fecha de adquisición Fuente de adquisición Total de préstamos Signatura topográfica completa Código de barras Visto por última vez Precio de reemplazo Tipo de ítem Koha
        Libros del s. XIX Biblioteca del Ateneo de Madrid Biblioteca del Ateneo de Madrid Sala Pecera Planta 2 01/10/2009     F-8601(2) 1181513 23/02/2023 23/02/2023 Libro impreso antiguo